Prístupy a skúsenosti vybraných krajín s fiškálnym prognózovaním bakalárska práca

Saved in:
Bibliographic Details
Main Author: Kúciková, Michaela
Corporate Author: Národohospodárska fakulta EU. Katedra financií
Other Authors: Boór, Matej, 1988-
Format: Book
Language:Slovak
Published: Bratislava 2021
Tags: Add Tag
No Tags, Be the first to tag this record!

MARC

LEADER 00000nbm a2200000 4500
001 0275044
005 20211210124737.1
041 0 |a slo 
044 |a SK 
245 1 0 |a Prístupy a skúsenosti vybraných krajín s fiškálnym prognózovaním  |b bakalárska práca  |c Michaela Kúciková ; školiteľ: Matej Boór 
264 1 |a Bratislava  |c 2021 
300 |a 53 s. 
100 1 |a Kúciková, Michaela 
700 1 |a Boór, Matej, 1988- 
710 2 |a Národohospodárska fakulta EU. Katedra financií